Statistics for Pixar Character Chain

Click here to take the quiz!

General Stats

  • This quiz has been taken 22 times
  • The average score is 8 of 15

Answer Stats

HintAnswer% Correct
She guided her flock of sheep in Toy StoryBo Peep
84%
Sleek robot who has a egg shaped body and blue LED eyes in WALL-EEVE
84%
The full name of the main character in Cars with the number 95 on the side of the carLightning McQueen
84%
First name of the purple eight-legged lizard monster with a chameleon-like ability in Monsters IncRandall
84%
One of the five emotions who is upset in Inside OutSadness
79%
The pelican who often visits the dentist clinic and is friends with the aquarium fish in Finding NemoNigel
63%
Buzz Lightyear's archenemy in Toy StoryEmperor Zurg
58%
Soon to be queen of the ant colony in A Bug's LifePrincess Atta
53%
The youngest of the Apatosaurus family in The Good DinosaurArlo
47%
Hopper's younger brother in A Bug's LifeMolt
37%
A chef and owner of Auguste Gusteau's restaurant in RatatouilleSkinner
37%
One of Professor Zundapp's henchmenGrem
21%
Old jalopy car who breaks down on the side of the road in Cars 2 then, is rescued by MaterOtis
21%
The green 'insectaloid warrior' character with a bugs head in Toy Story 3Twitch
21%
The widow of Radiator Springs founder Stanley in CarsLizzie
16%

Score Distribution

Percentile by Number Answered

Percent of People with Each Score

Your Score History

You have not taken this quiz